Statistiques concernant Conjonctions de coordination en 15 secondes

Cliquez ici pour prendre le quiz!

Statistiques générales

  • Ce quiz a été pris 130 fois
  • Le résultat moyen est 6 sur 7

Statistiques - réponses

Réponse% Correct
MaisMais
99%
EtEt
92%
OuOu
92%
DoncDonc
88%
NiNi
88%
OrOr
88%
CarCar
87%

Distribution des résultats

Percentile par nombre de réponses

% des personnes avec chaque résultat

Votre développement - résultats

Vous n’avez pas pris ce quiz